000 00591nam a22002177a 4500
003 UA-OsUOA
001 38098
007 ta
008 20060426b un ||||| |||| 00| 0 ukr d
100 _aГриценко Катерина
090 _a32
_bГ11
942 _cSA
040 _aUA-OsUOA
_bukr
_cUA-OsUOA
_dUA-OsUOA
245 _a"ІНГО Україна":вихід на новий рівень роботи
300 _a3 с.
955 _a0
041 _aukr
080 _a32
773 0 _w38097
_tУкраїна- business
_dК.
_d2006
_g15
650 7 _a32 Політика
_2UDC
999 _c324262
_d324262